[Event "Intermat 31st (online)"]
[Site "chess.com"]
[Date "2022.04.23"]
[Round "1.4"]
[White "Kakkad, Vayu"]
[Black "Lain, Haoming"]
[Result "0-1"]
[WhiteElo "1110"]
[BlackElo "1105"]
[PlyCount "166"]
[EventDate "2022.04.23"]
[EventType "match"]
[EventRounds "2"]
[EventCountry "CAN"]
[WhiteTeam "WA"]
[BlackTeam "BC"]

1. e4 c5 2. Nf3 d6 3. d4 cxd4 4. Nxd4 Nf6 5. Nc3 a6 6. Bc4 e6 7. Be3 Be7 8. O-O
O-O 9. Qf3 Nbd7 10. Qg3 Ne5 11. Bb3 b5 12. f4 Ng6 13. h4 Bb7 14. f5 exf5 15.
exf5 Ne5 16. Bh6 Nh5 17. Qe3 Ng4 18. Qe2 Nhf6 19. Bg5 Re8 20. Bxf6 Nxf6 21. Qf2
d5 22. Qg3 Bc5 23. Qf2 Qb6 24. Rad1 Ng4 25. Qd2 Ne3 26. Qd3 Nxd1 27. Rxd1 Bxd4+
28. Qxd4 Qxd4+ 29. Rxd4 Re5 30. Bxd5 Bxd5 31. Nxd5 f6 32. Nb6 Rae8 33. Rf4 Re2
34. Rf2 Kf7 35. Nd5 Rxf2 36. Kxf2 g6 37. fxg6+ hxg6 38. Nc7 Rc8 39. Nxa6 Rxc2+
40. Kf3 Rxb2 41. Nc7 Ke7 42. Nd5+ Kf7 43. Nc7 b4 44. Na6 Rxa2 45. Nxb4 Ra4 46.
Nd5 Rxh4 47. Nf4 g5 48. Nh3 g4+ 49. Kg3 gxh3 50. gxh3 Ra4 51. h4 Kg6 52. Kh3
Kh5 53. Kg3 Ra3+ 54. Kf4 Kxh4 55. Kf5 Ra4 56. Kxf6 Ra5 57. Ke6 Kg4 58. Kf6 Kf4
59. Ke6 Ke4 60. Kf6 Rc5 61. Kg6 Kf4 62. Kh6 Kg4 63. Kg6 Rc6+ 64. Kf7 Kg5 65.
Ke7 Kf5 66. Kd7 Rh6 67. Ke7 Ra6 68. Kd7 Ke5 69. Kc7 Kd5 70. Kb7 Rh6 71. Kc7 Rg6
72. Kb7 Kc5 73. Ka7 Kb5 74. Kb7 Rg7+ 75. Kc8 Kb6 76. Kd8 Kc6 77. Ke8 Kd6 78.
Kf8 Ra7 79. Ke8 Rb7 80. Kf8 Ke6 81. Kg8 Kf6 82. Kh8 Kg6 83. Kg8 Rb8# 0-1

[Event "Intermat 31st (online)"]
[Site "chess.com"]
[Date "2022.04.23"]
[Round "1.5"]
[White "Wang, Ted"]
[Black "Zhang, Kai"]
[Result "1-0"]
[WhiteElo "1875"]
[BlackElo "1181"]
[PlyCount "61"]
[EventDate "2022.04.23"]
[EventType "match"]
[EventRounds "2"]
[EventCountry "CAN"]
[WhiteTeam "WA"]
[BlackTeam "BC"]

1. e4 e5 2. Nf3 Nc6 3. Bc4 Nf6 4. d3 Bc5 5. c3 d6 6. Nbd2 h6 7. Bb3 O-O 8. h3
Be6 9. Nf1 Bb6 10. g4 Bxb3 11. axb3 Nh7 12. Ng3 Ne7 13. g5 hxg5 14. Nxg5 Nf6
15. Rg1 Re8 16. Nh5 Ng6 17. Be3 Bxe3 18. fxe3 Nh7 19. h4 Kh8 20. Nxf7+ Kg8 21.
Nxd8 Raxd8 22. Rxg6 Re7 23. Qg4 Rdd7 24. O-O-O Kh8 25. Rg1 Nf6 26. Rxf6 Re8 27.
Qxd7 Rg8 28. Rh6+ gxh6 29. Qh7+ Kxh7 30. Nf6+ Kh8 31. Rxg8# 1-0

[Event "Intermat 31st (online)"]
[Site "chess.com"]
[Date "2022.04.23"]
[Round "1.6"]
[White "Lin, Michael"]
[Black "Ye, Youjia"]
[Result "1-0"]
[WhiteElo "1670"]
[BlackElo "1013"]
[PlyCount "143"]
[EventDate "2022.04.23"]
[EventType "match"]
[EventRounds "2"]
[EventCountry "CAN"]
[WhiteTeam "WA"]
[BlackTeam "BC"]

1. d4 d5 2. c4 e6 3. Nc3 Nf6 4. cxd5 exd5 5. Bg5 Bb4 6. Qb3 Nc6 7. e3 h6 8.
Bxf6 Qxf6 9. Qxd5 O-O 10. Qf3 Qd6 11. Bb5 Bd7 12. Nge2 a6 13. Ba4 Rfe8 14. O-O
Rad8 15. Bb3 Rf8 16. Nf4 Na5 17. Ne4 Qb6 18. Nd5 Qb5 19. Nxc7 Qc6 20. Rac1 Qg6
21. Bc2 f5 22. Ng3 Bc6 23. Bxf5 Qd6 24. Qf4 Qxf4 25. exf4 Rc8 26. Bxc8 Rxc8 27.
Nd5 Bd6 28. Nb6 Rf8 29. f5 Bc7 30. Nc4 Nxc4 31. Rxc4 Bxg3 32. fxg3 Bb5 33. Rc5
Bxf1 34. Kxf1 Rd8 35. d5 b6 36. Rc6 Rxd5 37. Rxb6 Rxf5+ 38. Ke2 Rf6 39. Rxf6
gxf6 40. Kf3 Kf7 41. Kf4 Ke6 42. b4 h5 43. a4 Ke7 44. b5 axb5 45. axb5 Kd6 46.
b6 Kc6 47. Kf5 Kxb6 48. Kxf6 Kc7 49. h3 Kd8 50. Kf7 Kd7 51. Kg6 Ke6 52. Kxh5
Kf5 53. g4+ Kf6 54. Kh6 Kf7 55. Kh7 Kf6 56. h4 Kf7 57. g5 Kf8 58. g6 Ke7 59. g7
Kf7 60. g8=Q+ Kf6 61. Qg7+ Kf5 62. g4+ Ke6 63. Qf8 Kd7 64. Qf6 Kc7 65. Qe6 Kb7
66. Qd6 Ka7 67. Qb4 Ka6 68. g5 Ka7 69. g6 Ka6 70. g7 Ka7 71. g8=Q Ka6 72. Qa2#
1-0

[Event "Intermat 31st (online)"]
[Site "chess.com"]
[Date "2022.04.23"]
[Round "1.7"]
[White "Kona, Vidip"]
[Black "Low, Ethan Jun"]
[Result "1-0"]
[WhiteElo "1932"]
[BlackElo "1255"]
[PlyCount "133"]
[EventDate "2022.04.23"]
[EventType "match"]
[EventRounds "2"]
[EventCountry "CAN"]
[WhiteTeam "WA"]
[BlackTeam "BC"]

1. Nf3 Nc6 2. d4 d5 3. g3 Bf5 4. c3 e6 5. Bg2 Bd6 6. O-O Nf6 7. Bf4 Bxf4 8.
gxf4 Ng4 9. Nbd2 O-O 10. e3 Bd3 11. Re1 Qf6 12. Ne5 Ncxe5 13. dxe5 Qg6 14. Qf3
Bf5 15. Qg3 Nh6 16. Nf3 c5 17. Rad1 Rfd8 18. Rd2 Rd7 19. Red1 Rad8 20. Nh4 Qxg3
21. hxg3 Bg4 22. f3 Bh5 23. g4 Bg6 24. f5 exf5 25. g5 f4 26. e4 f6 27. gxh6
fxe5 28. Nxg6 hxg6 29. Bh3 Rc7 30. Rxd5 Re8 31. hxg7 Kxg7 32. Rd7+ Re7 33. Rxc7
Rxc7 34. Rd5 Kf6 35. Rd6+ Kg5 36. Re6 Kh4 37. Kh2 Rd7 38. Rxg6 Rd2+ 39. Rg2 Rd3
40. Bg4 b5 41. Rc2 a5 42. Kg2 a4 43. Kf2 c4 44. Ke2 Re3+ 45. Kf1 Rd3 46. Ke1
Kg3 47. Rd2 Re3+ 48. Kf1 Rd3 49. Rxd3 cxd3 50. Ke1 Kg2 51. Kd2 Kf2 52. Kxd3 Ke1
53. c4 bxc4+ 54. Kxc4 Kd2 55. b3 axb3 56. axb3 Ke3 57. b4 Kf2 58. b5 Kg3 59. b6
Kf2 60. b7 Kg3 61. b8=Q Kf2 62. Qb2+ Kg3 63. Qxe5 Kh4 64. Kd3 Kg3 65. Ke2 Kh4
66. Qh5+ Kg3 67. Qh3# 1-0

[Event "Intermat 31st (online)"]
[Site "chess.com"]
[Date "2022.04.23"]
[Round "1.8"]
[White "Xiong, Michael"]
[Black "Wu, Bowen"]
[Result "1-0"]
[WhiteElo "1531"]
[BlackElo "1156"]
[PlyCount "83"]
[EventDate "2022.04.23"]
[EventType "match"]
[EventRounds "2"]
[EventCountry "CAN"]
[WhiteTeam "WA"]
[BlackTeam "BC"]

1. d4 d5 2. c4 c6 3. Nf3 Bf5 4. Nc3 Nf6 5. cxd5 Nxd5 6. Qb3 Nxc3 7. bxc3 Qb6 8.
Bf4 Nd7 9. e3 e6 10. Be2 Qxb3 11. axb3 Bc2 12. Nd2 Be7 13. e4 f5 14. f3 fxe4
15. fxe4 O-O 16. O-O Nf6 17. Bf3 Bd3 18. Rf2 Ba6 19. c4 Nd7 20. Bg3 c5 21. Bg4
Rxf2 22. Bxf2 Kf7 23. d5 Nf8 24. Bg3 exd5 25. exd5 Bf6 26. Rf1 Rd8 27. Ne4 Nd7
28. Bxd7 Rxd7 29. Nxc5 Re7 30. Ne6 Kg6 31. Nf8+ Kh6 32. Bf4+ g5 33. Bd6 Bd4+
34. Kh1 Re3 35. h4 Rxb3 36. hxg5+ Kxg5 37. Ne6+ Kg6 38. Nxd4 Rd3 39. Ne6 Rd2
40. Nf8+ Kg7 41. Be5+ Kg8 42. Ne6 1-0

[Event "Intermat 31st (online)"]
[Site "chess.com"]
[Date "2022.04.23"]
[Round "1.9"]
[White "Liu, Lucas"]
[Black "Liu, Zachary"]
[Result "1-0"]
[WhiteElo "1572"]
[BlackElo "1848"]
[PlyCount "45"]
[EventDate "2022.04.23"]
[EventType "match"]
[EventRounds "2"]
[EventCountry "CAN"]
[WhiteTeam "WA"]
[BlackTeam "BC"]

1. e4 c5 2. Nc3 Nc6 3. Nf3 e5 4. Bc4 Be7 5. d3 d6 6. h3 Nf6 7. O-O O-O 8. Nd5
Be6 9. c3 Na5 10. Nxe7+ Qxe7 11. Bxe6 fxe6 12. Qe2 Nc6 13. Be3 d5 14. exd5 exd5
15. Rfe1 Rae8 16. c4 d4 17. Bg5 Qd6 18. Bxf6 Qxf6 19. Qe4 Qd6 20. a3 Qg6 21.
Qd5+ Kh8 22. Nxe5 Qf5 23. Nf7+ 1-0

[Event "Intermat 31st (online)"]
[Site "chess.com"]
[Date "2022.04.23"]
[Round "1.10"]
[White "Cheng, Selina"]
[Black "Jaiman, Panshul Mishra"]
[Result "0-1"]
[WhiteElo "1487"]
[BlackElo "1234"]
[PlyCount "82"]
[EventDate "2022.04.23"]
[EventType "match"]
[EventRounds "2"]
[EventCountry "CAN"]
[WhiteTeam "WA"]
[BlackTeam "BC"]

1. e4 e5 2. Nf3 Nc6 3. Bb5 d6 4. O-O Nf6 5. Re1 Be7 6. d4 Bd7 7. Bxc6 Bxc6 8.
d5 Bd7 9. Nc3 Bg4 10. h3 Bxf3 11. Qxf3 O-O 12. Qg3 Kh8 13. b3 c6 14. Bb2 Qa5
15. Rad1 Rac8 16. f4 Nh5 17. Qg4 Nxf4 18. Re3 Qb6 19. Rde1 f5 20. Qg3 fxe4 21.
Kh1 cxd5 22. Na4 Qd8 23. Qg4 b5 24. Rg3 Rf7 25. Nc3 Bh4 26. Nxb5 Bxg3 27. Qxg3
Rxc2 28. Ba3 Rxg2 29. Qe3 Qh4 30. Nxd6 Rd7 31. Rf1 Rg3 32. Qxg3 Qxg3 33. Rxf4
exf4 34. Nf5 Qxh3+ 35. Kg1 Qxf5 36. Bc5 d4 37. Kf2 e3+ 38. Ke2 Qxc5 39. Kd3
Qc3+ 40. Ke2 d3+ 41. Kd1 e2# 0-1

[Event "Intermat 31st (online)"]
[Site "chess.com"]
[Date "2022.04.23"]
[Round "1.11"]
[White "Lu, Yiding"]
[Black "Gao, Justin"]
[Result "1-0"]
[WhiteElo "1989"]
[BlackElo "1493"]
[PlyCount "85"]
[EventDate "2022.04.23"]
[EventType "match"]
[EventRounds "2"]
[EventCountry "CAN"]
[WhiteTeam "WA"]
[BlackTeam "BC"]

1. Nf3 Nc6 2. d4 d5 3. c4 e6 4. Nc3 Nf6 5. Bg5 Be7 6. e3 h6 7. Bh4 dxc4 8. Bxc4
Nd5 9. Bg3 Nxc3 10. bxc3 Bd7 11. O-O O-O 12. e4 Na5 13. Bd3 f5 14. Be5 Bf6 15.
Bxf6 Qxf6 16. Ne5 Rad8 17. Rb1 Nc6 18. Nxd7 Rxd7 19. Rxb7 Ra8 20. Qa4 Nd8 21.
Qxd7 Nxb7 22. Qxc7 Qf7 23. Qxf7+ Kxf7 24. exf5 exf5 25. Bc4+ Kf6 26. Bd5 Rb8
27. Rb1 Re8 28. Bxb7 Re7 29. g3 Rc7 30. Rb3 a5 31. Bf3 g5 32. Rb6+ Kg7 33. Rb7
Rxb7 34. Bxb7 Kf6 35. c4 Ke6 36. c5 Kd7 37. d5 Kc7 38. c6 Kd6 39. f4 Kc7 40.
fxg5 hxg5 41. h4 gxh4 42. gxh4 Kd6 43. h5 1-0

[Event "Intermat 31st (online)"]
[Site "chess.com"]
[Date "2022.04.23"]
[Round "1.12"]
[White "Yang, Alexander"]
[Black "Mok, Erwin Jun-Han"]
[Result "1-0"]
[WhiteElo "1839"]
[BlackElo "1332"]
[PlyCount "89"]
[EventDate "2022.04.23"]
[EventType "match"]
[EventRounds "2"]
[EventCountry "CAN"]
[WhiteTeam "WA"]
[BlackTeam "BC"]

1. d4 Nf6 2. c4 e6 3. Nc3 d5 4. cxd5 exd5 5. Bg5 Be7 6. e3 O-O 7. Bd3 h6 8. Bh4
c6 9. Nge2 Ne4 10. Bxe7 Qxe7 11. Nxe4 dxe4 12. Bc4 Qb4+ 13. Nc3 Qxc4 14. Nxe4
Qd5 15. Qf3 Re8 16. Ng3 Qxd4 17. Qe2 Qb4+ 18. Qd2 Qb5 19. Ne4 Qe5 20. Nd6 Rd8
21. Nxf7 Rxd2 22. Nxe5 Rd5 23. Ng6 Kf7 24. Nf4 Rd8 25. O-O Na6 26. e4 Nc5 27.
Rfe1 Ne6 28. Nh5 Bd7 29. Re3 Be8 30. h4 Ke7 31. Ng3 Nd4 32. Rf1 c5 33. f4 Bb5
34. Rf2 Rf8 35. f5 Rae8 36. Nh5 Kf7 37. e5 Kg8 38. f6 Ne6 39. Rg3 Rf7 40. fxg7
Nxg7 41. Rxf7 Kxf7 42. Rxg7+ Kf8 43. Rxb7 Be2 44. Nf6 Rxe5 45. Nd7+ 1-0

[Event "Intermat 31st (online)"]
[Site "chess.com"]
[Date "2022.04.23"]
[Round "1.13"]
[White "Harish, Neeraj"]
[Black "Boroomand, Arya Cyrus"]
[Result "1-0"]
[WhiteElo "1896"]
[BlackElo "1514"]
[PlyCount "89"]
[EventDate "2022.04.23"]
[EventType "match"]
[EventRounds "2"]
[EventCountry "CAN"]
[WhiteTeam "WA"]
[BlackTeam "BC"]

1. e4 e6 2. d4 b6 3. Bd3 Bb7 4. Nf3 Nf6 5. Qe2 d5 6. e5 Nfd7 7. c3 c5 8. h4 h6
9. Be3 Nc6 10. a3 a6 11. b4 c4 12. Bc2 b5 13. Nbd2 Be7 14. h5 a5 15. O-O a4 16.
Nh2 Qc7 17. f4 f5 18. exf6 Nxf6 19. Bg6+ Kd7 20. Ng4 Raf8 21. f5 e5 22. Nxe5+
Nxe5 23. Bf4 Kd8 24. dxe5 Ne8 25. Nf3 Bc8 26. g4 Qb6+ 27. Kg2 Nc7 28. Nd4 Bd7
29. Rae1 Be8 30. f6 gxf6 31. exf6 Bxf6 32. Bxc7+ Kxc7 33. Ne6+ Kb8 34. Nxf8
Rxf8 35. Bxe8 Qb7 36. Qe6 d4+ 37. Bc6 Qc7 38. Rxf6 Rd8 39. Rf7 d3 40. Rxc7 d2
41. Rb7+ Ka8 42. Rxb5+ Ka7 43. Qe7+ Rd7 44. Qxd7+ Ka6 45. Qb7# 1-0

[Event "Intermat 31st (online)"]
[Site "chess.com"]
[Date "2022.04.23"]
[Round "1.14"]
[White "Heath, Derek"]
[Black "Hossain, Azher"]
[Result "0-1"]
[WhiteElo "1728"]
[BlackElo "1445"]
[PlyCount "64"]
[EventDate "2022.04.23"]
[EventType "match"]
[EventRounds "2"]
[EventCountry "CAN"]
[WhiteTeam "WA"]
[BlackTeam "BC"]

1. d4 d5 2. Bf4 Nf6 3. e3 e6 4. Nf3 c5 5. c3 Bd6 6. Bg3 O-O 7. Nbd2 Qc7 8. Ne5
Nbd7 9. f4 b5 10. Bxb5 Rb8 11. Nxd7 Nxd7 12. Bxd7 Bxd7 13. Rb1 Bb5 14. Nf3 Bc4
15. b3 Ba6 16. Kf2 Qa5 17. Qd2 cxd4 18. Nxd4 Qc7 19. Rhe1 Rbc8 20. Rbc1 g6 21.
Kg1 e5 22. fxe5 Bxe5 23. Bxe5 Qxe5 24. Nf3 Qf5 25. Qd4 Bd3 26. Ne5 Be4 27. Rf1
Qg5 28. Rf2 f5 29. Qxa7 f4 30. Nd7 fxe3 31. Rxf8+ Rxf8 32. Nxf8 Qxg2# 0-1

[Event "Intermat 31st (online)"]
[Site "chess.com"]
[Date "2022.04.23"]
[Round "1.15"]
[White "Liu, Austin"]
[Black "Yang, Jingyun (Ryan)"]
[Result "1-0"]
[WhiteElo "2048"]
[BlackElo "1922"]
[PlyCount "67"]
[EventDate "2022.04.23"]
[EventType "match"]
[EventRounds "2"]
[EventCountry "CAN"]
[WhiteTeam "WA"]
[BlackTeam "BC"]

1. e4 c5 2. Nf3 d6 3. d4 cxd4 4. Nxd4 Nf6 5. Nc3 a6 6. h3 b5 7. g4 Bb7 8. Bg2
b4 9. Nd5 Nxd5 10. exd5 Nd7 11. O-O Nb6 12. Nc6 Bxc6 13. dxc6 Qc7 14. Qd4 e6
15. Be3 Rb8 16. c4 bxc3 17. bxc3 e5 18. Qe4 Be7 19. a4 a5 20. c4 O-O 21. Rfb1
Rfd8 22. Rb5 h6 23. Rab1 Nxa4 24. Rb7 Rxb7 25. Rxb7 Qc8 26. Rxe7 g6 27. Qd5 Rf8
28. Qxd6 Qa6 29. Bd5 Nc3 30. Qxg6+ Kh8 31. Qxh6+ Kg8 32. Rxe5 Ne4 33. Bxe4 f6
34. Qh7# 1-0

[Event "Intermat 31st (online)"]
[Site "chess.com"]
[Date "2022.04.23"]
[Round "1.16"]
[White "Balaji, Pranav"]
[Black "Zhou, Zhengyuan (Frank)"]
[Result "0-1"]
[WhiteElo "1740"]
[BlackElo "1434"]
[PlyCount "46"]
[EventDate "2022.04.23"]
[EventType "match"]
[EventRounds "2"]
[EventCountry "CAN"]
[WhiteTeam "WA"]
[BlackTeam "BC"]

1. d4 Nf6 2. Nf3 e6 3. Bf4 c5 4. c3 Qb6 5. Qc2 d5 6. e3 Be7 7. Nbd2 Nc6 8. h3
O-O 9. Bd3 Bd7 10. Ne5 h6 11. O-O-O cxd4 12. Nxc6 bxc6 13. exd4 c5 14. Be3 c4
15. Be2 Rfb8 16. g4 Ba4 17. b3 Ba3+ 18. Kb1 cxb3 19. axb3 Bxb3 20. Nxb3 Qxb3+
21. Qxb3 Rxb3+ 22. Ka2 Rab8 23. Rb1 Bb2 0-1

[Event "Intermat 31st (online)"]
[Site "chess.com"]
[Date "2022.04.23"]
[Round "1.17"]
[White "Nallabothula, Varin"]
[Black "Wu, Nathan"]
[Result "1/2-1/2"]
[WhiteElo "1754"]
[BlackElo "1976"]
[PlyCount "122"]
[EventDate "2022.04.23"]
[EventType "match"]
[EventRounds "2"]
[EventCountry "CAN"]
[WhiteTeam "WA"]
[BlackTeam "BC"]

1. e4 e5 2. Nf3 Nf6 3. Nxe5 Nc6 4. Nxc6 dxc6 5. d3 Bc5 6. Be2 h5 7. h3 Qd4 8.
O-O Qd6 9. Bf3 Ng4 10. e5 Nxe5 11. Re1 Be6 12. Nc3 Nxf3+ 13. Qxf3 O-O-O 14. Be3
Bxe3 15. Rxe3 g5 16. Ne4 Qb4 17. Qf6 Rhg8 18. a3 Qb5 19. Nd2 Rg6 20. Qe5 Qd5
21. Rae1 b6 22. Nc4 Rgg8 23. Qf6 Rg6 24. Qe5 Qd7 25. Qc3 Bxc4 26. Qxc4 Qd5 27.
Qa6+ Kb8 28. Qa4 Kb7 29. Re5 Qd6 30. Qe4 Qf6 31. c3 Qf4 32. d4 Qxe4 33. R1xe4
Rd5 34. Kh2 a5 35. h4 f6 36. Re7 Rf5 37. Kg1 Rb5 38. b4 axb4 39. axb4 gxh4 40.
Rxh4 Rg4 41. Rxg4 hxg4 42. Kh2 Rd5 43. Kg3 c5 44. bxc5 bxc5 45. Re4 cxd4 46.
cxd4 f5 47. Re5 Rxd4 48. Rxf5 Kb6 49. f4 gxf3 50. Kxf3 c5 51. g4 c4 52. Rf4 Kc5
53. Rxd4 Kxd4 54. Ke2 Kc3 55. g5 Kb2 56. g6 c3 57. g7 c2 58. g8=Q c1=Q 59. Qb8+
Kc2 60. Qc7+ Kb2 61. Qxc1+ Kxc1 1/2-1/2

[Event "Intermat 31st (online)"]
[Site "chess.com"]
[Date "2022.04.23"]
[Round "1.18"]
[White "Sankar, Abhay"]
[Black "Leong, Aiden"]
[Result "1-0"]
[WhiteElo "1627"]
[BlackElo "1812"]
[PlyCount "67"]
[EventDate "2022.04.23"]
[EventType "match"]
[EventRounds "2"]
[EventCountry "CAN"]
[WhiteTeam "WA"]
[BlackTeam "BC"]

1. d4 Nf6 2. c4 e6 3. Nc3 Bb4 4. e3 O-O 5. Bd3 d5 6. Nge2 dxc4 7. Bxc4 a6 8. a4
b6 9. O-O Bb7 10. f3 c5 11. Qb3 Nc6 12. dxc5 Bxc5 13. Rd1 Qc7 14. Bd3 Rfd8 15.
Kh1 Na5 16. Qc2 Nd5 17. Nxd5 Bxd5 18. b4 Bb3 19. Qc3 Bxd1 20. Bb2 f6 21. Rxd1
Nb7 22. bxc5 Nxc5 23. Ba3 Rac8 24. Bxc5 Qd7 25. Bxh7+ Kxh7 26. Rxd7 Rxd7 27.
Qc2+ Kh8 28. h3 Rxc5 29. Qg6 Rd2 30. Nf4 Rg5 31. Qe8+ Kh7 32. Qxe6 Re5 33. Qxb6
Rd1+ 34. Kh2 1-0

[Event "Intermat 31st (online)"]
[Site "chess.com"]
[Date "2022.04.23"]
[Round "1.19"]
[White "Cheng, Edward"]
[Black "Guo, Veronica (Yu Han)"]
[Result "1-0"]
[WhiteElo "1807"]
[BlackElo "1955"]
[PlyCount "91"]
[EventDate "2022.04.23"]
[EventType "match"]
[EventRounds "2"]
[EventCountry "CAN"]
[WhiteTeam "WA"]
[BlackTeam "BC"]

1. Nf3 d5 2. g3 c6 3. Bg2 Nf6 4. O-O Bf5 5. b3 e6 6. Bb2 Be7 7. d3 O-O 8. Nbd2
Nbd7 9. Re1 Bb4 10. a3 Bxd2 11. Nxd2 e5 12. e4 dxe4 13. Nxe4 Bxe4 14. dxe4 Qb6
15. Qe2 Rfe8 16. Rad1 Rad8 17. h4 Nc5 18. g4 g6 19. Bf3 Nfd7 20. g5 Ne6 21. Bg4
Qc7 22. Bxe6 Rxe6 23. b4 b5 24. c4 a6 25. c5 Nf8 26. Rd3 Ree8 27. Red1 Rxd3 28.
Rxd3 Ne6 29. Qd2 Nf4 30. Rd7 Qb8 31. Qd6 Qxd6 32. Rxd6 Re6 33. Rd8+ Kg7 34. f3
h6 35. Kh2 Re7 36. Rd6 hxg5 37. hxg5 Re6 38. Rxe6 Nxe6 39. Bxe5+ Kf8 40. f4 Ke7
41. Kg3 Kd7 42. Kg4 a5 43. f5 Nf8 44. bxa5 Kc8 45. Bd6 Nd7 46. a6 1-0

[Event "Intermat 31st (online)"]
[Site "chess.com"]
[Date "2022.04.23"]
[Round "1.20"]
[White "Wang, Daniel"]
[Black "He, Matthew"]
[Result "1-0"]
[WhiteElo "1644"]
[BlackElo "1819"]
[PlyCount "109"]
[EventDate "2022.04.23"]
[EventType "match"]
[EventRounds "2"]
[EventCountry "CAN"]
[WhiteTeam "WA"]
[BlackTeam "BC"]

1. e4 c6 2. d4 d5 3. exd5 cxd5 4. c4 Nf6 5. Nc3 e6 6. Nf3 Bb4 7. cxd5 exd5 8.
Bd3 O-O 9. O-O Nc6 10. Bg5 Bxc3 11. bxc3 Be6 12. Qc2 h6 13. Bh4 Rc8 14. Rfc1 g5
15. Bg3 Nb4 16. Qb1 Nxd3 17. Qxd3 Ne4 18. Ne5 Bf5 19. Qf3 Bh7 20. h3 f6 21. Ng4
Kg7 22. h4 Nxg3 23. Qxg3 Qc7 24. Qxc7+ Rxc7 25. Ne3 Bg8 26. hxg5 hxg5 27. Kf1
Be6 28. g4 Rfc8 29. Rab1 b6 30. Rb3 Rc6 31. Ke2 Kf7 32. Kd3 Rh8 33. a4 Rh3 34.
Ke2 Rh4 35. Kf3 f5 36. gxf5 Bxf5 37. Nxf5 Rf4+ 38. Kg3 Rxf5 39. a5 Rcf6 40. Rc2
Rf3+ 41. Kg2 Rd3 42. axb6 Rxb6 43. Ra3 a6 44. Ra5 Ke6 45. Re2+ Kf6 46. Rxd5
Rxc3 47. Ree5 Rd3 48. Rf5+ Ke6 49. Rde5+ Kd6 50. Rf6+ Kc7 51. Rf7+ Kd6 52. Rxg5
Ke6 53. Rh7 Rd6 54. Re5+ Kf6 55. Rh6+ 1-0

[Event "Intermat 31st (online)"]
[Site "chess.com"]
[Date "2022.04.23"]
[Round "1.21"]
[White "Peng, Brandon"]
[Black "Qiu, Andrew Yu"]
[Result "0-1"]
[WhiteElo "1822"]
[BlackElo "1792"]
[PlyCount "56"]
[EventDate "2022.04.23"]
[EventType "match"]
[EventRounds "2"]
[EventCountry "CAN"]
[WhiteTeam "WA"]
[BlackTeam "BC"]

1. d4 Nf6 2. c4 e6 3. Nc3 Bb4 4. Bd2 O-O 5. Nf3 d5 6. e3 c5 7. a3 cxd4 8. Nxd4
Ba5 9. b4 Bc7 10. c5 a6 11. g3 e5 12. Nb3 d4 13. Na4 Qd5 14. f3 Rd8 15. Bg2 Be6
16. Na5 dxe3 17. Bxe3 Qxd1+ 18. Rxd1 Rxd1+ 19. Kxd1 Bxa5 20. Kc2 Bc7 21. Rd1
Nc6 22. Bf1 Rd8 23. Re1 Nd4+ 24. Bxd4 Rxd4 25. Nc3 Bf5+ 26. Kb3 Rd2 27. h3 Bc2+
28. Kc4 Rd4# 0-1

[Event "Intermat 31st (online)"]
[Site "chess.com"]
[Date "2022.04.23"]
[Round "1.22"]
[White "Kandhare, Ojas"]
[Black "Qiu, Peter Yong"]
[Result "1/2-1/2"]
[WhiteElo "1549"]
[BlackElo "1864"]
[PlyCount "33"]
[EventDate "2022.04.23"]
[EventType "match"]
[EventRounds "2"]
[EventCountry "CAN"]
[WhiteTeam "WA"]
[BlackTeam "BC"]

1. e4 e6 2. d4 d5 3. exd5 exd5 4. Bd3 Nf6 5. Nf3 Bd6 6. O-O O-O 7. Bg5 Be6 8.
Re1 Nbd7 9. c3 c5 10. Qc2 g6 11. Bxg6 hxg6 12. Rxe6 fxe6 13. Qxg6+ Kh8 14. Qh6+
Kg8 15. Qg6+ Kh8 16. Qh6+ Kg8 17. Qg6+ 1/2-1/2

[Event "Intermat 31st (online)"]
[Site "chess.com"]
[Date "2022.04.23"]
[Round "1.23"]
[White "Velea, Anne-Marie"]
[Black "Huang, Patrick"]
[Result "1-0"]
[WhiteElo "2207"]
[BlackElo "2217"]
[PlyCount "139"]
[EventDate "2022.04.23"]
[EventType "match"]
[EventRounds "2"]
[EventCountry "CAN"]
[WhiteTeam "WA"]
[BlackTeam "BC"]

1. e4 g6 2. d4 Bg7 3. Nc3 d6 4. f4 a6 5. Nf3 b5 6. a3 Nd7 7. Be3 Bb7 8. Bd3 c5
9. dxc5 Nxc5 10. Bxc5 dxc5 11. e5 Bh6 12. g3 b4 13. axb4 cxb4 14. Ne4 Qb6 15.
Qe2 a5 16. Qf2 Qc7 17. O-O f5 18. Bb5+ Bc6 19. Qc5 Rc8 20. Nd4 Bxb5 21. Qxb5+
Qd7 22. Qxd7+ Kxd7 23. Nd2 e6 24. Rxa5 Rc7 25. Ra6 Bf8 26. N2b3 Nh6 27. Rd1 Ke7
28. Rxe6+ Kf7 29. Rf6+ Ke8 30. Ra1 Bg7 31. Ra8+ Ke7 32. Rxh8 Bxh8 33. Rb6 Ng4
34. Rxb4 g5 35. Nxf5+ Ke6 36. Nbd4+ Kd5 37. h3 gxf4 38. gxf4 Bxe5 39. fxe5 Nxe5
40. Ne3+ Kc5 41. Ne6+ Kxb4 42. Nxc7 Kc5 43. Kf2 Kd6 44. Ncd5 Kc5 45. Kg3 Kd4
46. Kf4 Ng6+ 47. Kg5 Ke4 48. b4 Ne5 49. b5 Kd4 50. b6 Kc5 51. h4 Nf7+ 52. Kf6
Nd6 53. Kg7 h5 54. Kg6 Kb5 55. Kxh5 Kc5 56. Kg6 Kd4 57. h5 Ke5 58. h6 Ke6 59.
h7 Nf7 60. b7 Ne5+ 61. Kg7 Nf7 62. b8=Q Ne5 63. Qc8+ Nd7 64. Qc6+ Ke5 65. Qxd7
Kd4 66. Qg4+ Kc5 67. Qc4+ Kd6 68. Kf6 Kd7 69. Qc7+ Ke8 70. Qe7# 1-0

[Event "Intermat 31st (online)"]
[Site "chess.com"]
[Date "2022.04.23"]
[Round "1.24"]
[White "Hou, Kennard"]
[Black "Tian, Shi Yuan (Sherry)"]
[Result "0-1"]
[WhiteElo "1665"]
[BlackElo "2045"]
[PlyCount "66"]
[EventDate "2022.04.23"]
[EventType "match"]
[EventRounds "2"]
[EventCountry "CAN"]
[WhiteTeam "WA"]
[BlackTeam "BC"]

1. d4 Nf6 2. Nf3 e6 3. c4 d5 4. Nc3 Be7 5. Bf4 O-O 6. e3 b6 7. Be2 Bb7 8. O-O
Nbd7 9. Rc1 c5 10. h3 cxd4 11. exd4 a6 12. Nd2 dxc4 13. Nxc4 b5 14. Ne3 Nb6 15.
a3 Qd7 16. Be5 Rac8 17. Bf3 Rfd8 18. Qe2 Nc4 19. Rc2 Bxf3 20. Qxf3 Nxb2 21. Nb1
Rxc2 22. Nxc2 Nc4 23. Ne3 Nb6 24. Nd2 Rc8 25. Qg3 Ne8 26. Ng4 f6 27. Bf4 Qxd4
28. Be3 Qd7 29. Nh6+ Kf8 30. Ne4 Qd5 31. Bxb6 Qxe4 32. Be3 gxh6 33. Bxh6+ Kf7
0-1

[Event "Intermat 31st (online)"]
[Site "chess.com"]
[Date "2022.04.23"]
[Round "1.25"]
[White "King, George"]
[Black "Shinn, Jungmin"]
[Result "1/2-1/2"]
[WhiteElo "1753"]
[BlackElo "2126"]
[PlyCount "76"]
[EventDate "2022.04.23"]
[EventType "match"]
[EventRounds "2"]
[EventCountry "CAN"]
[WhiteTeam "WA"]
[BlackTeam "BC"]

1. Nf3 d5 2. b3 Nc6 3. Bb2 Nf6 4. e3 g6 5. c4 Bg7 6. cxd5 Qxd5 7. Nc3 Qd8 8. d4
O-O 9. Rc1 Re8 10. Bb5 Bd7 11. O-O a6 12. Bxc6 Bxc6 13. Ne5 Bd5 14. Qc2 Rc8 15.
e4 Be6 16. d5 Bd7 17. Rfd1 Ng4 18. Nxd7 Qxd7 19. h3 Nf6 20. Na4 Qb5 21. Bd4
Red8 22. Nc5 Nd7 23. a4 Qb4 24. Bxg7 Kxg7 25. Nxd7 Rxd7 26. Qb2+ f6 27. Rc4 Qd6
28. Rdc1 Qe5 29. Qxe5 fxe5 30. R1c3 e6 31. dxe6 Re7 32. Kf1 Kf6 33. Ke2 Kxe6
34. Rd3 Rd7 35. Rxd7 Kxd7 36. Rc5 Kd6 37. Rd5+ Ke6 38. b4 c6 1/2-1/2

[Event "Intermat 31st (online)"]
[Site "chess.com"]
[Date "2022.04.23"]
[Round "1.26"]
[White "Singh, Aditya"]
[Black "Trenton, Isaac"]
[Result "0-1"]
[WhiteElo "1682"]
[BlackElo "1884"]
[PlyCount "90"]
[EventDate "2022.04.23"]
[EventType "match"]
[EventRounds "2"]
[EventCountry "CAN"]
[WhiteTeam "WA"]
[BlackTeam "BC"]

1. e4 c5 2. Nf3 d6 3. d4 cxd4 4. Nxd4 Nf6 5. Nc3 a6 6. Be3 e5 7. Nb3 Be6 8. f3
Be7 9. Qd2 Nbd7 10. g4 b5 11. g5 Nh5 12. Nd5 Bxd5 13. Qxd5 O-O 14. Qd2 Rc8 15.
Bh3 Nf4 16. Bxf4 exf4 17. O-O-O Rc4 18. Na5 Rc7 19. Bxd7 Qxd7 20. Kb1 Rfc8 21.
c3 Bxg5 22. Qxd6 Qh3 23. Qd3 b4 24. cxb4 Rc2 25. Qf1 Qe6 26. Qd3 Bf6 27. Qxc2
Rxc2 28. Kxc2 h6 29. Rd5 Qb6 30. Rf1 Qxb4 31. e5 Qa4+ 32. Kb1 Bh4 33. Rfd1 Qb4
34. a3 Qb6 35. Nc4 Qf2 36. R1d3 Qxh2 37. Ra5 Qe2 38. Rad5 Bf2 39. Rd8+ Kh7 40.
Nd2 Be3 41. R8d7 Bxd2 42. Rxd2 Qxf3 43. Re7 Qe4+ 44. Ka2 f3 45. Rxf7 Qc4+ 0-1